Légendes Pokémon: Arceus- Pokémon des Distorsions Spatio-Temporelles - Statistiques

Statistiques générales
  • Ce quiz a été pris 8 fois
  • Le résultat moyen est 56 sur 70
Statistiques - réponses
Zone Pokémon % Correct
Côte Lazuli Aquali
100%
Contrefort Couronné Bastiodon
100%
Contrefort Couronné Dinoclier
100%
Tout Hisui Evoli
100%
Terres Immaculées Givrali
100%
Contrefort Couronné Kranidos
100%
Marais Carmin Noctali
100%
Plaines Obsidiennes Nymphali
100%
Contrefort Couronné Nymphali
100%
Plaines Obsidiennes Phyllali
100%
Marais Carmin Pyroli
100%
Côte Lazuli Pyroli
100%
Contrefort Couronné Voltali
100%
Côte Lazuli Alakazam
88%
Contrefort Couronné Charkos
88%
Terres Immaculées Cizayox
88%
Plaines Obsidiennes Coudlangue
88%
Plaines Obsidiennes Dimoret
88%
Terres Immaculées Élekable
88%
Plaines Obsidiennes Farfuret
88%
Côte Lazuli Kadabra
88%
Contrefort Couronné Maganon
88%
Côte Lazuli Magnéti
88%
Côte Lazuli Magnéton
88%
Côte Lazuli Magnézone
88%
Terres Immaculées Mentali
88%
Contrefort Couronné Noctunoir
88%
Marais Carmin Porygon
88%
Marais Carmin Porygon2
88%
Marais Carmin Porygon-Z
88%
Côte Lazuli Rhinastoc
88%
Contrefort Couronné Archéduc
75%
Terres Immaculées Bouldeneu
75%
Contrefort Couronné Brindibou
75%
Contrefort Couronné Capidextre
75%
Terres Immaculées Clamiral
75%
Plaines Obsidiennes Coatox
75%
Contrefort Couronné Drascore
75%
Plaines Obsidiennes Ectoplasma
75%
Contrefort Couronné Efflèche
75%
Terres Immaculées Élektek
75%
Marais Carmin Feurisson
75%
Marais Carmin Grodrive
75%
Marais Carmin Héricendre
75%
Marais Carmin Lockpin
75%
Marais Carmin Luxray
75%
Contrefort Couronné Magmar
75%
Terres Immaculées Mateloutre
75%
Terres Immaculées Moustillon
75%
Plaines Obsidiennes Onix
75%
Terres Immaculées Pikachu
75%
Côte Lazuli Rhinoféros
75%
Marais Carmin Ronflex
75%
Plaines Obsidiennes Steelix
75%
Contrefort Couronné Téraclope
75%
Marais Carmin Typhlosion
75%
Côte Lazuli Vortente
75%
Terres Immaculées Galopa
63%
Terres Immaculées Kaimorse
63%
Marais Carmin Luxio
63%
Côte Lazuli M.Mime
63%
Côte Lazuli Moufflair
63%
Contrefort Couronné Octillery
63%
Terres Immaculées Raichu
63%
Marais Carmin Scarhino
63%
Plaines Obsidiennes Ursaring
63%
Plaines Obsidiennes Excelangue
50%
Marais Carmin Mustéflott
50%
Terres Immaculées Phogleur
50%
Plaines Obsidiennes Spectrum
50%
Aucun quiz correspondant
Distribution des résultats
% des personnes avec chaque résultat
Percentile par nombre de réponses
Votre historique - résultats
Vous n’avez pas pris ce quiz